000 00474nam a2200205Ia 4500
003 OSt
005 20230421092819.0
008 210423s2009 xx 000 0 und d
020 _a415411637
040 _cAL
041 _aeng
082 _a297.12261 CAMM
100 _aCAMPANINI (Massimo).
_991270
245 _aQuran the basics.
260 _aLondon
_bRoutledge
_c2009
300 _a157
_bPB
365 _b295
_cINR
906 _abasics. ; Quran
942 _2ddc
_cBK
999 _c160413
_d160413